LIBRARY & INFORMATION CENTRE, KCAET, TAVANUR

ONLINE PUBLIC ACCESS CATALOGUE (OPAC)

Decline and fall of the romantic ideal / (Record no. 6862)

MARC details
000 -LEADER
fixed length control field 00379cam a2200145ua 4500
041 ## - LANGUAGE CODE
Language code of text/sound track or separate title eng
082 ## - DEWEY DECIMAL CLASSIFICATION NUMBER
Classification number 828.09
Item number LUC/DE
100 ## - MAIN ENTRY--AUTHOR NAME
Personal name Lucas, F L .
245 ## - TITLE STATEMENT
Title Decline and fall of the romantic ideal /
260 ## - PUBLICATION, DISTRIBUTION, ETC. (IMPRINT)
Place of publication Cambridge :
Name of publisher Cambridge University Press ,
Year of publication 1963.
300 ## - PHYSICAL DESCRIPTION
Number of Pages 236 ; .
942 ## - ADDED ENTRY ELEMENTS (KOHA)
Koha item type Books
Holdings
Withdrawn status Lost status Damaged status Home library Current library Date acquired Full call number Accession Number Koha item type
Withdrawn     KAUAET Sanskrit University 07/04/2012 828.09 11647 Books
free website counter